000 00647nam a2200229Ia 4500
003 OSt
005 20220918175155.0
006 a|||||r|||| 00| 0
007 ta
008 220917b |||||||| |||| 00| 0 eng d
024 _a15,995
037 _cTextual
040 _aARTS
_cARTS
_beng
041 _2eng
_aeng
082 _aO111,1H40:g, K2
100 _aSouthworth James G.
_953144
245 0 _aProsody of Chaucer and his followers
_b supplementary chapters to verses of cadence
260 _c1962
650 _aENGLISH LITERATURE
942 _hO111,1H40:g, K2
_cTEXL
_2CC
999 _c156383
_d156383